00796 2200181 4500245003400000020002200034250001100056100001600067700002100083650001700104005001900121260004200140041001400182084001100196300002300207500037500230336000900605 aAcc, Pak!!cRara RachelhText a978-602-06-3152-3 aCet. 1 aRara Rachel aIrna Permanasari aNovel Remaja a20241213084226 aJakartabGramedia Pustaka Utamac2019 aIndonesia a808.83 a288 hlm. :c20 cm. aMemasuki masa skripsi, Olivia Chiaril Annisa ketar-ketir karena Danial Adiwiryawan mendadak ditunjuk sebagai dosen pengganti sekaligus oenguji skripsinya, Meskipun ganteng dan bergelar PhD dari University of Cambridge, Pak Danial terkenak judes dan cuek terhadap mahasiswi. Berbeda 180 derajat dengan Aria Adiwiryawan, sang kakak, yang merupakan dosen pembimbing Olivia. atext